ドボンクイズ〜店舗数が300以上のチェーン店を選べ〜 - Statistics

General Stats
  • This quiz has been taken 1,827 times
  • The average score is 6 of 28
Answers on the Grid
Answers color-coded by a green-red scale on the quiz's grid according to % correct below.
バーミヤン
ココス
びっくりドンキー
ロイヤルホスト
ジョイフル
夢庵
ジョナサン
ロッテリア
バーガーキング
ミスタードーナツ
くら寿司
はま寿司
かっぱ寿司
やよい軒
まいどおおきに食堂
大戸屋
しゃぶ葉
リンガーハット
幸楽苑
日高屋
天下一品
はなまるうどん
ゆで太郎
富士そば
魚民
串カツ田中
天丼てんや
牛角
焼肉きんぐ
ほっかほっか亭
不二家
ビアードパパ
シャトレーゼ
ピザーラ
銀のさら
コメダ珈琲
餃子の王将
CoCo壱番屋
なか卯
銀だこ
 
Answer Stats
Answer % Correct
くら寿司
53%
ミスタードーナツ
50%
CoCo壱番屋
50%
餃子の王将
45%
はま寿司
44%
コメダ珈琲
35%
ココス
29%
ピザーラ
27%
牛角
26%
ほっかほっか亭
23%
銀だこ
23%
はなまるうどん
22%
なか卯
22%
びっくりドンキー
21%
リンガーハット
20%
バーミヤン
19%
日高屋
19%
ジョイフル
16%
やよい軒
16%
大戸屋
14%
焼肉きんぐ
11%
シャトレーゼ
11%
しゃぶ葉
10%
幸楽苑
9%
不二家
6%
串カツ田中
5%
銀のさら
4%
まいどおおきに食堂
3%
No matching quizzes found
Score Distribution
Percent of People with Each Score
Percentile by Number Answered
Your Score History
You have not taken this quiz